000 00658cam a2200205 a 4500
001 000006635
005 20200929153949.0
008 790806s1970 ve af b 001 0 spa
040 _aDO-SdBNP
_bspa
_cBNPHU
082 _a410
_bR819a
100 1 _aRosi de Tariffi, Natalia.
_918424
245 1 0 _aAmérica, cuarta dimensión :
_blos etruscos salieron de los Andes /
_cNatalia Rosi de Tariffi.
260 _aCaracas :
_bMonte Avila,
_c1970.
300 _a218 p. :
_bil. ;
_c20 cm.
490 1 _aPrisma
504 _aBibliografía: p. 195-209.
650 4 _aEtrusco
_918425
650 4 _aAntropología indígena
_xAmérica del sur
_918426
830 0 _aPrisma
_93770
999 _c6425
_d6425